[Event "DVM U14 2017"]
[Site "Verden/Aller GER"]
[Date "2017.12.27"]
[Round "2"]
[White "Brockhoff, Moritz"]
[Black "Gatkewicz, Maurizio"]
[Result "0-1"]
[Termination "normal"]
[Board "6.2"]
[WhiteElo "1765"]
[BlackElo "1642"]
[WhiteTeam "SK Blauer Springer Paderborn"]
[BlackTeam "SF Konz-Karthaus"]
[PlyCount "68"]
[WhiteFideId "16214927"]
[BlackFideId "16255658"]
[EventCountry "GER"]
[EventRounds "7"]
[EventType "team-swiss"]
[EventDate "2017.12.26"]

1. Nf3 d5 2. c4 e6 3. d4 Nf6 4. Bf4 c6 5. e3 Nbd7 6. Nc3 Be7 7. Bd3 dxc4 8.
Bxc4 b5 9. Bb3 Bb7 10. O-O a6 11. Re1 c5 12. e4 cxd4 13. Qxd4 Nc5 14. Bc2 Qxd4
15. Nxd4 b4 16. e5 bxc3 17. exf6 gxf6 18. bxc3 f5 19. Rab1 Be4 20. Bxe4 Nxe4
21. Be5 O-O 22. c4 Bc5 23. Rb3 Rfd8 24. Rd3 f6 25. Bxf6 Nxf6 26. Rg3+ Ng4 27.
h3 Rxd4 28. hxg4 Rxg4 29. Rxg4+ fxg4 30. Rxe6 g3 31. Re5 Bxf2+ 32. Kf1 Rc8 33.
Ra5 Re8 34. Rg5+ Kh8 {Aufgabe Weiß} 0-1

[Event "DVM U14 2017"]
[Site "Verden/Aller GER"]
[Date "2017.12.27"]
[Round "2"]
[White "Biermann, Sophie"]
[Black "Janke, Julian"]
[Result "0-1"]
[Termination "normal"]
[Board "6.3"]
[WhiteElo "1594"]
[BlackElo "1587"]
[WhiteTeam "SF Konz-Karthaus"]
[BlackTeam "SK Blauer Springer Paderborn"]
[PlyCount "96"]
[WhiteFideId "16208960"]
[BlackFideId "16229185"]
[EventCountry "GER"]
[EventRounds "7"]
[EventType "team-swiss"]
[EventDate "2017.12.26"]

1. e4 d5 2. exd5 Qxd5 3. Nc3 Qd8 4. Bc4 Nf6 5. d3 e6 6. Nf3 Be7 7. Bf4 a6 8. a4
b6 9. O-O Bb7 10. Re1 O-O 11. d4 c5 12. dxc5 Bxc5 13. Ne5 Nbd7 14. Nxd7 Nxd7
15. Bd6 Qg5 16. Ne4 Bxe4 17. Rxe4 Rfd8 18. Bc7 Bxf2+ 19. Kf1 Nc5 20. Bxd8 Rxd8
21. Qg4 Nxe4 22. Qxe4 Qf6 23. Qf3 Bd4 24. Qxf6 Bxf6 25. Rb1 a5 26. b3 Bc3 27.
Bd3 g5 28. Ke2 f5 29. Rf1 h5 30. g3 Kg7 31. Rf3 Rc8 32. Re3 Kf6 33. Bc4 Be5 34.
Kf1 Rd8 35. Bd3 g4 36. Re2 Bd4 37. Bc4 e5 38. Rd2 Ke7 39. Re2 Rf8 40. Kg2 f4
41. gxf4 {(=)} Rxf4 42. Bd3 Kf6 43. Be4 h4 44. Bc6 h3+ 45. Kg3 Kg5 46. Be4 Rf1
47. Bc6 Rg1+ 48. Bg2 Bc3 {Aufgabe Weiß} 0-1

[Event "DVM U14 2017"]
[Site "Verden/Aller GER"]
[Date "2017.12.27"]
[Round "2"]
[White "Matthiessen, Linus"]
[Black "Schilz, Tabea"]
[Result "1/2-1/2"]
[Termination "normal"]
[Board "6.4"]
[WhiteElo "1293"]
[BlackElo "1272"]
[WhiteTeam "SK Blauer Springer Paderborn"]
[BlackTeam "SF Konz-Karthaus"]
[PlyCount "103"]
[WhiteFideId "16222555"]
[BlackFideId "16235312"]
[EventCountry "GER"]
[EventRounds "7"]
[EventType "team-swiss"]
[EventDate "2017.12.26"]

1. d4 d5 2. Bf4 Nc6 3. Nf3 Nf6 4. e3 Bd7 5. c3 e6 6. Bd3 Bd6 7. Bg3 O-O 8. Qc2
Re8 9. Nbd2 e5 10. dxe5 Nxe5 11. Bxe5 Bxe5 12. Nxe5 Rxe5 13. Nf3 Re8 14. O-O-O
h6 15. Rhg1 c5 16. Bf5 Be6 17. h4 Qd7 18. Ne5 Qc8 19. g4 Bxf5 20. gxf5 Rxe5 21.
Rg3 Qxf5 22. Qe2 Rae8 23. Rdg1 Nh5 24. Rf3 Nf4 25. Qd1 Nd3+ 26. Kd2 Qh7 27. Qa4
Nxb2 28. Qd7 Nc4+ 29. Kc1 Rf8 30. Qg4 Na3 31. Kd2 Qc2+ 32. Ke1 Qb1+ 33. Ke2
Qxa2+ 34. Kf1 Qb1+ 35. Kg2 Qg6 36. Rg3 Qxg4 37. Rxg4 Re4 38. f4 Rxe3 39. Kf2
Rxc3 40. Rxg7+ Kh8 41. Ke2 b5 42. R7g4 Re8+ 43. Kd2 Rc2+ 44. Kd3 b4 45. Ra1 c4+
46. Kd4 Rd2+ 47. Kc5 Rc8+ 48. Kd6 c3 49. Ke7 Rg8 50. Rxg8+ Kxg8 51. Rg1+ Kh8
52. Rg6 1/2-1/2

[Event "DVM U14 2017"]
[Site "Verden/Aller GER"]
[Date "2017.12.27"]
[Round "2"]
[White "Jahrke, Jonas"]
[Black "Abele, Anais"]
[Result "1-0"]
[Termination "normal"]
[Board "7.1"]
[WhiteElo "1747"]
[BlackElo "1666"]
[WhiteTeam "SF Katernberg"]
[BlackTeam "SC Aurich"]
[PlyCount "71"]
[WhiteFideId "12984353"]
[BlackFideId "16208927"]
[EventCountry "GER"]
[EventRounds "7"]
[EventType "team-swiss"]
[EventDate "2017.12.26"]

1. e4 c5 2. Nf3 d6 3. d4 cxd4 4. Nxd4 Nf6 5. Nc3 a6 6. Bg5 e6 7. f4 Be7 8. Qf3
Nbd7 9. Bd3 h6 10. Bh4 Nc5 11. O-O-O Nxd3+ 12. Qxd3 Qc7 13. h3 Bd7 14. Rhe1 Nh7
15. Bxe7 Kxe7 16. Nf5+ Kf8 17. Nxd6 Bc6 18. e5 Bxg2 19. Nce4 Bxe4 20. Qxe4 Rb8
21. Re3 Kg8 22. Rc3 Qe7 23. Rc8+ Rxc8 24. Nxc8 Qc7 25. Nd6 g5 26. Nxb7 Kg7 27.
Nd6 Rb8 28. f5 Qb6 29. f6+ Kg8 30. b3 Qc7 31. Rd4 Rd8 32. Nxf7 Rxd4 33. Nxh6+
Kf8 34. Qxd4 Qb7 35. Qd6+ Ke8 36. Qxe6+ {Aufgabe Schwarz} 1-0

[Event "DVM U14 2017"]
[Site "Verden/Aller GER"]
[Date "2017.12.27"]
[Round "2"]
[White "Rajendram, Reanosh"]
[Black "Gallas, Noel"]
[Result "1-0"]
[Termination "normal"]
[Board "7.2"]
[WhiteElo "1638"]
[BlackElo "1696"]
[WhiteTeam "SC Aurich"]
[BlackTeam "SF Katernberg"]
[PlyCount "97"]
[WhiteFideId "12965162"]
[BlackFideId "16216059"]
[EventCountry "GER"]
[EventRounds "7"]
[EventType "team-swiss"]
[EventDate "2017.12.26"]

1. e4 e6 2. d4 d5 3. exd5 exd5 4. c4 Nf6 5. Nc3 Bb4 6. a3 Bxc3+ 7. bxc3 O-O 8.
Nf3 Bg4 9. Be2 dxc4 10. Bxc4 Re8+ 11. Be3 Be6 12. Bxe6 Rxe6 13. O-O Nbd7 14.
Qc2 Nb6 15. Bg5 h6 16. Bh4 Qe7 17. Ne5 Rc8 18. f4 Nbd5 19. Qd3 b5 20. Qf3 c5
21. Rfe1 cxd4 22. cxd4 Rc3 23. Bxf6 gxf6 24. Qg4+ Kf8 25. Ng6+ fxg6 26. Qxe6
Qxe6 27. Rxe6 Kf7 28. Rae1 Rc7 29. g3 Rd7 30. Ra6 b4 31. axb4 Nxb4 32. Ra4 Nc2
33. Rd1 Ne3 34. Rd3 Nd5 35. Rda3 Ne7 36. Rxa7 Rxa7 37. Rxa7 Ke6 38. Rxe7+ Kxe7
39. Kf2 Kd6 40. Ke3 Kd5 41. Kd3 f5 42. h4 h5 43. Kc3 Ke4 44. Kc4 Kf3 45. d5
Kxg3 46. d6 Kxh4 47. d7 Kg4 48. d8=Q Kxf4 49. Qh4+ {Aufgabe Schwarz} 1-0

[Event "DVM U14 2017"]
[Site "Verden/Aller GER"]
[Date "2017.12.27"]
[Round "2"]
[White "Otterpohl, Isabel"]
[Black "Goldbeck, Kilian"]
[Result "1/2-1/2"]
[Termination "normal"]
[Board "7.3"]
[WhiteElo "1593"]
[BlackElo "1292"]
[WhiteTeam "SF Katernberg"]
[BlackTeam "SC Aurich"]
[PlyCount "77"]
[WhiteFideId "12999180"]
[BlackFideId "16255674"]
[EventCountry "GER"]
[EventRounds "7"]
[EventType "team-swiss"]
[EventDate "2017.12.26"]

1. e4 e6 2. d4 d5 3. exd5 exd5 4. Nf3 Nc6 5. c4 Nf6 6. Nc3 Be7 7. Be2 O-O 8.
O-O Be6 9. cxd5 Nxd5 10. a3 a6 11. Qc2 Bf6 12. Rd1 Nde7 13. Be3 Na5 14. d5 Nxd5
15. Nxd5 Bxd5 16. Rab1 Bb3 17. Rxd8 Bxc2 18. Rxf8+ Rxf8 19. Rc1 Be4 20. b4 Nc6
21. Rc4 Bd5 22. Rc5 Rd8 23. Bf4 Rd7 24. b5 Bxf3 25. gxf3 Nd4 26. Kf1 Be7 27.
Rc3 axb5 28. Bxc7 Nc6 29. Bb6 b4 30. axb4 Bxb4 31. Rc2 Kf8 32. Bb5 Rd6 33. Rc4
Na5 34. Rc8+ Ke7 35. Rc7+ Kf6 36. Bxa5 Bxa5 37. Rxb7 Rb6 38. Rxb6+ Bxb6 39. Kg2
1/2-1/2

[Event "DVM U14 2017"]
[Site "Verden/Aller GER"]
[Date "2017.12.27"]
[Round "2"]
[White "Meyer, Beenke"]
[Black "Zamhöfer, Luca"]
[Result "0-1"]
[Termination "normal"]
[Board "7.4"]
[WhiteElo "1271"]
[BlackElo "1367"]
[WhiteTeam "SC Aurich"]
[BlackTeam "SF Katernberg"]
[PlyCount "114"]
[WhiteFideId "16255682"]
[BlackFideId "16216040"]
[EventCountry "GER"]
[EventRounds "7"]
[EventType "team-swiss"]
[EventDate "2017.12.26"]

1. e4 c5 2. Nf3 d6 3. d4 cxd4 4. Nxd4 Nf6 5. Nc3 g6 6. Bc4 Bg7 7. f3 O-O 8. Bb3
Nc6 9. Be3 Bd7 10. Qd2 Rc8 11. O-O-O Na5 12. h4 h5 13. Bh6 Nc4 14. Bxc4 Rxc4
15. Bxg7 Kxg7 16. Rhe1 a5 17. e5 dxe5 18. Rxe5 a4 19. Qe2 Qc7 20. Ncb5 Bxb5 21.
Rxb5 Qf4+ 22. Qd2 Rxd4 23. Qxf4 Rxf4 24. Rxb7 e5 25. Re7 e4 26. Rd4 Rxh4 27.
fxe4 Rh1+ 28. Rd1 Rxd1+ 29. Kxd1 Rd8+ 30. Ke2 Rd4 31. Ke3 Rb4 32. b3 axb3 33.
axb3 Rb6 34. Kd4 Rb4+ 35. Kd3 g5 36. e5 Nd5 37. Rd7 Nf4+ 38. Kc3 Re4 39. b4
Rxe5 40. Kd4 Re2 41. Kc3 Rxg2 42. b5 Rg1 43. Kb2 Re1 44. b6 h4 45. b7 Re8 46.
Rc7 Rb8 47. c4 h3 48. c5 h2 49. Kc3 h1=Q 50. Re7 Rxb7 51. Rxb7 Qh2 52. Ra7 Qh1
53. Kc4 Qf3 54. Kb5 Qb3+ 55. Kc6 Nd3 56. Kc7 Qd5 57. Kb6 Qxc5+ {Aufgabe Weiß}
0-1

[Event "DVM U14 2017"]
[Site "Verden/Aller GER"]
[Date "2017.12.27"]
[Round "2"]
[White "Brückner, Alexander"]
[Black "Sehmsdorf, Johann"]
[Result "1-0"]
[Termination "normal"]
[Board "8.1"]
[WhiteElo "1874"]
[BlackElo "1610"]
[WhiteTeam "SF Augsburg"]
[BlackTeam "SV Dresden-Striesen"]
[PlyCount "47"]
[WhiteFideId "12952613"]
[BlackFideId "12985139"]
[EventCountry "GER"]
[EventRounds "7"]
[EventType "team-swiss"]
[EventDate "2017.12.26"]

1. e4 e6 2. d4 d5 3. Nd2 Nf6 4. e5 Nfd7 5. Bd3 c5 6. c3 Nc6 7. Ne2 a6 8. Nf3 h6
9. O-O b5 10. a3 Qb6 11. Be3 cxd4 12. cxd4 Na5 13. b3 Be7 14. Nd2 Bb7 15. f4
Rc8 16. f5 Nxe5 17. Bb1 Bf6 18. Kh1 Ng4 19. Bg1 Qc7 20. fxe6 fxe6 21. Nf4 e5
22. Ng6 Ne3 23. Bxe3 exd4 24. Bf4 {Aufgabe Schwarz} 1-0

[Event "DVM U14 2017"]
[Site "Verden/Aller GER"]
[Date "2017.12.27"]
[Round "2"]
[White "Schade, Johannes"]
[Black "Gubariev, Jakob"]
[Result "0-1"]
[Termination "normal"]
[Board "8.2"]
[WhiteElo "1379"]
[BlackElo "1782"]
[WhiteTeam "SV Dresden-Striesen"]
[BlackTeam "SF Augsburg"]
[PlyCount "75"]
[WhiteFideId "12958581"]
[BlackFideId "16216938"]
[EventCountry "GER"]
[EventRounds "7"]
[EventType "team-swiss"]
[EventDate "2017.12.26"]

1. d4 d5 2. c4 e6 3. Bf4 Nf6 4. Nc3 Be7 5. e3 O-O 6. Nf3 a6 7. Rc1 dxc4 8. Bxc4
b5 9. Bb3 Bb7 10. O-O Nbd7 11. a3 c5 12. Ba2 cxd4 13. exd4 Rc8 14. Qd3 Nc5 15.
Qe3 Nce4 16. Nxe4 Bxe4 17. Ng5 Bd5 18. Bb1 Bc4 19. Rfd1 h6 20. Ne4 Nd5 21. Qg3
Nxf4 22. Qxf4 Qd5 23. Nc3 Qd7 24. Qf3 Bg5 25. Qe4 f5 26. Qe5 Bxc1 27. Rxc1 Rcd8
28. Ne2 Qd6 29. Qxd6 Rxd6 30. Re1 Bxe2 31. Rxe2 Rxd4 32. Bc2 Rfd8 33. Re1 Kf7
34. g3 Rd2 35. Bb3 R8d3 36. Rb1 Re2 37. Bd1 Re1+ 38. Kg2 {Aufgabe Weiß} 0-1

[Event "DVM U14 2017"]
[Site "Verden/Aller GER"]
[Date "2017.12.27"]
[Round "2"]
[White "Olligs, Antonius"]
[Black "Hamkar, Behzad"]
[Result "1-0"]
[Termination "normal"]
[Board "8.4"]
[WhiteElo "1556"]
[BlackElo "1145"]
[WhiteTeam "SV Dresden-Striesen"]
[BlackTeam "SF Augsburg"]
[PlyCount "87"]
[WhiteFideId "16236955"]
[BlackFideId "16255631"]
[EventCountry "GER"]
[EventRounds "7"]
[EventType "team-swiss"]
[EventDate "2017.12.26"]

1. e4 e6 2. d4 d5 3. e5 c5 4. Nf3 cxd4 5. Nxd4 Nc6 6. c3 Nxe5 7. Bb5+ Bd7 8.
O-O Bxb5 9. Nxb5 a6 10. Nd4 Nc6 11. Nxc6 bxc6 12. b4 a5 13. Qa4 Ne7 14. b5 cxb5
15. Qxb5+ Qd7 16. Na3 Qc6 17. Bd2 Qxb5 18. Nxb5 Kd7 19. Rfd1 Nf5 20. Rac1 Nd6
21. Nxd6 Bxd6 22. c4 dxc4 23. Bf4 Ra6 24. Rxc4 Ke7 25. Bxd6+ Rxd6 26. Rc7+ Kd8
27. Rxd6+ Kxc7 28. Ra6 Rd8 29. g3 Rd5 30. Ra7+ Kb6 31. Rxf7 Rd2 32. Rxg7 Rxa2
33. Rxh7 a4 34. Rh8 Kb7 35. h4 a3 36. Rd8 Ra1+ 37. Kg2 a2 38. Rd7+ Kb6 39. Rd3
e5 40. Ra3 Kb5 41. h5 Kb4 42. Ra6 Kb5 43. Ra8 Rb1 44. Rxa2 {Aufgabe Schwarz}
1-0

[Event "DVM U14 2017"]
[Site "Verden/Aller GER"]
[Date "2017.12.27"]
[Round "2"]
[White "Waffenschmidt, Lars"]
[Black "Triantafillidis, Simeon"]
[Result "0-1"]
[Termination "normal"]
[Board "9.1"]
[WhiteElo "1715"]
[BlackElo "1808"]
[WhiteTeam "SK Bebenhausen"]
[BlackTeam "SF HN-Biberach"]
[PlyCount "102"]
[WhiteFideId "16244656"]
[BlackFideId "12953113"]
[EventCountry "GER"]
[EventRounds "7"]
[EventType "team-swiss"]
[EventDate "2017.12.26"]

1. e4 e5 2. Nf3 Nc6 3. Bc4 Nf6 4. d3 Be7 5. c3 O-O 6. O-O d6 7. Bb3 Be6 8. Re1
Qd7 9. Nbd2 Nh5 10. d4 Bxb3 11. axb3 Nf4 12. Nc4 Qg4 13. g3 Nh3+ 14. Kg2 Nf4+
15. Bxf4 exf4 16. Qd2 fxg3 17. fxg3 Qg6 18. Qf4 Nd8 19. d5 f5 20. e5 dxe5 21.
Nfxe5 Qh5 22. Nd7 Re8 23. Qxc7 Nf7 24. Rxe7 Rxe7 25. Nf6+ gxf6 26. Qxe7 Ng5 27.
Qe3 Re8 28. g4 fxg4 29. Qg3 Re2+ 30. Kf1 Qxh2 31. Qxh2 Rxh2 32. Rxa7 g3 33. Ne3
Rf2+ 34. Ke1 Ne4 35. Rxb7 f5 36. Re7 Ng5 37. d6 Kf8 38. Ra7 f4 39. d7 Nf3+ 40.
Kd1 Rd2+ 41. Kc1 fxe3 42. Ra8+ Ke7 43. Re8+ Kxd7 44. Rxe3 Rf2 45. b4 g2 46.
Rd3+ Ke6 47. Rd1 Rf1 48. b5 g1=Q 49. b6 Rxd1+ 50. Kc2 Qf2+ 51. Kxd1 Qd2# 0-1

[Event "DVM U14 2017"]
[Site "Verden/Aller GER"]
[Date "2017.12.27"]
[Round "2"]
[White "Geltz, Noah"]
[Black "Marx, Benedikt"]
[Result "1-0"]
[Termination "normal"]
[Board "9.2"]
[WhiteElo "1719"]
[BlackElo "1387"]
[WhiteTeam "SF HN-Biberach"]
[BlackTeam "SK Bebenhausen"]
[PlyCount "85"]
[WhiteFideId "16224256"]
[BlackFideId "16255690"]
[EventCountry "GER"]
[EventRounds "7"]
[EventType "team-swiss"]
[EventDate "2017.12.26"]

1. d4 Nf6 2. c4 g6 3. Nc3 Bg7 4. e4 d6 5. Bd3 O-O 6. Nge2 Nfd7 7. O-O e5 8. d5
a5 9. Be3 Na6 10. a3 Nac5 11. Bc2 Qe7 12. b4 axb4 13. axb4 Rxa1 14. Qxa1 Na6
15. Qa3 h5 16. Na4 b6 17. b5 Nac5 18. Nxc5 dxc5 19. Qa7 Qd8 20. Rd1 Kh7 21. d6
cxd6 22. Rxd6 Re8 23. Nc3 Re6 24. Rd1 Bf8 25. Nd5 Rd6 26. f4 Bh6 27. Re1 Kg8
28. Bc1 Re6 29. f5 gxf5 30. exf5 Rd6 31. Qa8 Bxc1 32. Rxc1 Nf8 33. Rd1 Nd7 34.
Qxc8 Qxc8 35. Ne7+ Kh8 36. Nxc8 Rxd1+ 37. Bxd1 h4 38. Bf3 f6 39. Bc6 Nf8 40.
Nxb6 Kg7 41. Nd7 Nxd7 42. Bxd7 Kf8 43. b6 {Aufgabe Schwarz} 1-0

[Event "DVM U14 2017"]
[Site "Verden/Aller GER"]
[Date "2017.12.27"]
[Round "2"]
[White "Kocharin, Timur"]
[Black "Späth, René"]
[Result "1/2-1/2"]
[Termination "normal"]
[Board "9.3"]
[WhiteElo "1265"]
[BlackElo "1599"]
[WhiteTeam "SK Bebenhausen"]
[BlackTeam "SF HN-Biberach"]
[PlyCount "117"]
[WhiteFideId "16240936"]
[BlackFideId "16224272"]
[EventCountry "GER"]
[EventRounds "7"]
[EventType "team-swiss"]
[EventDate "2017.12.26"]

1. e4 c5 2. c3 Nf6 3. e5 Nd5 4. d4 e6 5. Nf3 Be7 6. Bd3 Nc6 7. O-O O-O 8. Qe2
f6 9. c4 Ndb4 10. d5 exd5 11. cxd5 Nxd3 12. dxc6 Nxc1 13. Rxc1 dxc6 14. exf6
Rxf6 15. Re1 Bd6 16. Ng5 Bd7 17. Ne4 Re6 18. Qc4 Qh4 19. g3 Qe7 20. Ng5 Qxg5
21. Rxe6 Bxe6 22. Qxe6+ Kh8 23. Nc3 Qe5 24. Qd7 Qe7 25. Qg4 Rd8 26. Rd1 Be5 27.
Re1 Qf6 28. Qe4 Bd4 29. Qe8+ Qf8 30. Qe2 a6 31. Kg2 Qf6 32. Rd1 Rf8 33. Ne4 Qe5
34. f3 b5 35. Qd2 g5 36. g4 Kg7 37. b4 Qe7 38. bxc5 Bxc5 39. Qc3+ Kg6 40. Qxc5
Qxc5 41. Nxc5 a5 42. Rd6+ Rf6 43. Rd4 Rf4 44. Ne4 h5 45. Rd6+ Kf7 46. Nxg5+ Kg7
47. Rxc6 hxg4 48. Kg3 Ra4 49. Rc2 gxf3 50. Kxf3 Kf6 51. Ne4+ Ke5 52. Nc3 Rc4
53. Re2+ Kf5 54. Nxb5 Re4 55. a3 Rf4+ 56. Kg3 Rg4+ 57. Kh3 Rg6 58. Rf2+ Ke4 59.
Rg2 1/2-1/2

[Event "DVM U14 2017"]
[Site "Verden/Aller GER"]
[Date "2017.12.27"]
[Round "2"]
[White "Gerold, Robin"]
[Black "Andrei, Quentin"]
[Result "1/2-1/2"]
[Termination "normal"]
[Board "9.4"]
[WhiteElo "1319"]
[BlackElo "1034"]
[WhiteTeam "SF HN-Biberach"]
[BlackTeam "SK Bebenhausen"]
[PlyCount "113"]
[WhiteFideId "16235185"]
[BlackFideId "16255712"]
[EventCountry "GER"]
[EventRounds "7"]
[EventType "team-swiss"]
[EventDate "2017.12.26"]

1. e4 e6 2. d4 d5 3. e5 c5 4. c3 Nc6 5. Nf3 Qb6 6. Be2 cxd4 7. cxd4 Nge7 8. O-O
Nf5 9. Kh1 Nfxd4 10. Be3 Bc5 11. Bxd4 Nxd4 12. Qd2 Nxf3 13. Bxf3 O-O 14. Nc3
Bd7 15. a4 a5 16. Qc2 Bc6 17. Rab1 Rfd8 18. b3 d4 19. Ne4 Bxe4 20. Qxe4 Rab8
21. Be2 Qc6 22. Bd3 Qxe4 23. Bxe4 b5 24. f4 d3 25. g3 d2 26. Bc6 bxa4 27. Bxa4
Rb4 28. Rbd1 Re4 29. Kg2 Re2+ 30. Kf3 Re3+ 31. Kg2 Bb4 32. Kf2 Bc5 33. Kg2 Rdd3
34. Bb5 Rd8 35. Bc4 Bb4 36. Kf2 Bc5 37. Kg2 Rc3 38. Rf3 Rc1 39. Rff1 Rxd1 40.
Rxd1 Bb4 41. Kf2 Ra8 42. Ke2 a4 43. Ra1 a3 44. Ra2 Rd8 45. Kd1 h6 46. Ra1 Ra8
47. Kc2 Rd8 48. Rd1 Rd4 49. Be2 g6 50. Ra1 Rd7 51. h4 Rc7+ 52. Bc4 Rd7 53. Be2
Rd4 54. Rh1 Kg7 55. Ra1 Be7 56. Kc3 Bc5 57. b4 1/2-1/2